000 00516nam a22001457a 4500
005 20231102085823.0
008 231102b |||||||| |||| 00| 0 eng d
041 _aEnglish
082 _a346.6 NAM
100 _lEnglish
245 _aThe Namibian Close Corporation : CLE Seminar 1994 /
_cThe Law Society of Namibia together with the Centre of Business Law : University of the Orange Free State
300 _b133 pages ;
_c30 cm.
650 _aLegal practice
_bLaw
942 _cBK
_6ALISON_BN_VRIES
999 _c248
_d248